000 00334nam a2200145Ia 4500
008 230718s9999 xx 000 0 und d
041 _aEng.
082 _a297125
_bYEN-W
100 _aYenser, Pref. Muhammad
245 0 _aWarning to man
260 _aPakistan
_bWalay bastons
_c2002
300 _a114
650 _aLaw
999 _c26684
_d26684